Denmark all time starting xi - Statistics

General Stats
  • This quiz has been taken 105 times
    26 since last reset
  • The average score is 5 of 11
Answer Stats
Hint Answer % Correct
GK(1987-2001 Peter Schmeichel
96%
MF(2010- Christian Eriksen
91%
FW(1982-1998 Michael Laudrup
83%
DF(2009- 2024 Simon Kjær
65%
MF(2014- Pierre Emile Højbjerg
57%
DF(2005-2016 Daniel Agger
43%
FW(1997-2010 Jon Dahl Tomasson
35%
MF(1998-2011) Martin Jørgensen
13%
DF(1994-2007 Thomas Helveg
13%
FW(1910-1925 Poul Nielsen
9%
DF(1987-2002 Jan Heintze
0%
No matching quizzes found
Score Distribution
Percent of People with Each Score
Percentile by Number Answered
Your Score History
You have not taken this quiz since the last reset